| 000 | 00424nam a2200169Ia 4500 | ||
|---|---|---|---|
| 003 | GCL | ||
| 008 | 140319s9999 xx 000 0 eng d | ||
| 040 |
_aGCL / _cGCL |
||
| 082 | 0 | 4 |
_a005.133 _bP C |
| 100 | 1 | _aPUGH, TED | |
| 245 | 1 | 0 |
_aUSER INTERFACE LIBRARY / _cPUGH, TED |
| 260 |
_a[S.N] : _bSIGMA PRESS ، _c1993 |
||
| 300 | _a342 P | ||
| 650 | 0 | 4 | _aPROGRAMMING |
| 650 | 0 | 4 | _aCOMPUTER PROGRAM LANGUAGE |
| 942 |
_2ddc _cBK |
||
| 999 |
_c10799 _d10799 |
||